000 00779cam a2200265 a 4500
001 50086
003 BD-RjUL
005 20211209075445.0
008 160823s1950 enka 00010 eng d
035 _a(BD-RjUL)50206
040 _aAAIS
_cAAIS
_beng
041 _aeng
082 _a612.65
_bSUH 1950
100 1 _aSutcliffe, A.
_q(Arthur),
_d1896-
_9150116
245 1 4 _aThe heights and weights of boys and girls /
_cby A. Sutcliffe and J. W. Canham.
250 _a1st ed.
260 _aLondon :
_bJohn Murray,
_c1950.
300 _a[10], 80 p. ;
_c28 cm.
650 0 _aChildren -- England
_xGrowth
_9150117
650 0 _aAnthropometry.
_9150118
650 0 _aChildren
_xAnthropometry.
_9150119
700 1 _aCanham, J. W.
_9150120
942 _2ddc
_cBK
999 _c50086
_d50086